| 000 | 00764nam a2200277Ia 4500 | ||
|---|---|---|---|
| 001 | Para_3379 | ||
| 003 | CHAP | ||
| 008 | 220125s[194 xx 000 0 und d | ||
| 010 | _a201968 | ||
| 040 | _cCHAP | ||
| 082 | _aPA-C 338.17 A68 | ||
| 100 |
_aRivera, César A _997780 |
||
| 245 |
_aApuntes de la clase de lechería y laboratorio / _c César A. Rivera |
||
| 260 |
_aChapingo, Méx. : _b ENA |
||
| 300 | _a48 h. | ||
| 500 | _aEncuadernado con otros impresos | ||
| 650 |
_aLeche _x Análisis Leche _x Investigación _9166939 |
||
| 710 |
_aENA _936669 |
||
| 901 | _aPA-C 338.17 A68 | ||
| 902 | _aA | ||
| 905 | _a000000[194] CHA 0000000000 00 | ||
| 910 | _a[194 | ||
| 942 | _cPARA | ||
| 942 |
_cPARA _d1 |
||
| 999 |
_c201968 _d201968 |
||